000 00432nam a22001697a 4500
003 NUST - PNEC
005 20170116180949.0
008 150908b xxu||||| |||| 00| 0 eng d
020 _a0070484600
040 _cLIBRARY
082 _a621.38043 PAP
100 _99038
_aPapoulis, Athanasios
245 _aSignal analysis
_cAthanasios Papoulis
260 _cc.1984
650 _99035
_bElectrical engineering
_xEE
942 _2ddc
_cBK
999 _c66353
_d66353